NEUROLOGY & NEUROSURGERY ILLUSTRATED / (Record no. 795030)

MARC details
000 -LEADER
fixed length control field 00442pam a2200169 a 4500
020 ## - INTERNATIONAL STANDARD BOOK NUMBER
International Standard Book Number 0443070563
Terms of availability 674.40
041 ## - LANGUAGE CODE
Language code of text/sound track or separate title eng
Language code of original NULL
082 ## - DEWEY DECIMAL CLASSIFICATION NUMBER
Classification number 617
Item number LIN
100 ## - MAIN ENTRY--PERSONAL NAME
Personal name LINDSAY, K .
245 ## - TITLE STATEMENT
Title NEUROLOGY & NEUROSURGERY ILLUSTRATED /
Statement of responsibility, etc. NULL.
Medium Textual Documents
260 ## - PUBLICATION, DISTRIBUTION, ETC.
Place of publication, distribution, etc. NULL :
Name of publisher, distributor, etc. CHURCHILL LIV ,
Date of publication, distribution, etc. 2005.
300 ## - PHYSICAL DESCRIPTION
Extent 598 :
Other physical details xii ;
Dimensions A4 .
365 ## - TRADE PRICE
Price type code 674.40
650 ## - SUBJECT ADDED ENTRY--TOPICAL TERM
Topical term or geographic name entry element BIOCHEMISTRY
930 ## - EQUIVALENCE OR CROSS-REFERENCE-UNIFORM TITLE HEADING [LOCAL, CANADA]
Uniform title 494
Holdings
Withdrawn status Lost status Damaged status Not for loan Home library Current library Date acquired Cost, normal purchase price Total Checkouts Full call number Barcode Date due Date last seen Date last checked out Copy number Price effective from Koha item type
        Medical College & Hospital, Sangli Medical College & Hospital, Sangli 28/11/2011 674.40 1 617 LIN MCS-1984 01/10/2043 06/10/2023 06/10/2023 1 26/07/2023 Book